| 000 | 00779nam a2200241 a 4500 | ||
|---|---|---|---|
| 001 | 3370322 | ||
| 005 | 20180202043200.0 | ||
| 008 | 930320s1988 caua 001 0 eng d | ||
| 010 | _a 87072816 | ||
| 020 |
_a0897211510 : _c6.95 |
||
| 035 | _a(OCoLC)18598397 | ||
| 040 |
_aCSj _cCSj _dIWhN _dDLC |
||
| 041 | _aeng | ||
| 042 | _alccopycat | ||
| 080 | _a635.93415 ric | ||
| 082 | 0 | 4 |
_a635.93415 ric _220 |
| 100 | 1 | _a9 | |
| 101 | _amje | ||
| 245 | 1 | 0 |
_aAll about growing orchids / _ccreated and designed by the editorial staff of Ortho Books ; writer, Rick Bond ; editor, Barbara Ferguson ; photographer, Saxon Holt ; illustrator, Ron Hildebrand. |
| 906 |
_a7 _bcbc _ccopycat _d4 _eopcn _f19 _gy-gencatlg |
||
| 942 |
_2ddc _cBK |
||
| 999 |
_c41599 _d41599 |
||